000 00454nam a2200181Ia 4500
005 20240823060430.0
008 240823s9999||||xx |||||||||||||| ||und||
041 _aENGLISH
082 _A629.222 P1
100 _aGovindan K R
245 0 _aAutomobile Engineering
250 _a1st
260 _c2001
_bAnuradha Age
_aKumbakonam
500 _aTRANSFERED
650 _aAutomobile Engineering
_bAutomobile Engineering
942 _cBK
999 _c231118
_d231118